000 00685nam a2200241Ia 4500
003 OSt
005 20220925212903.0
006 a|||||r|||| 00| 0
007 ta
008 220923b |||||||| |||| 00| 0 eng d
020 _a85227 216 2
037 _cGeneral Book
040 _aRTL
_cRTL
_beng
041 _2eng
_aeng
082 _aX:48, L9
100 _aChristopher Martin, and others
_9277534
245 0 _aCustomer service and distribution strategy
260 _aLondon
_bAssociated Business Books
_c1979
300 _aviii,181p
_ccm.
650 _aTransport
942 _hX:48, L9
_cGB
_2CC
999 _c561451
_d561451